[Event "Your Next Move GCT 2018-Blitz"]
[Site "Leuven"]
[Date "2018.06.15"]
[Round "8"]
[White "Vachier-Lagrave, Maxime"]
[Black "Aronian, Levon"]
[Result "1/2-1/2"]
[WhiteElo "2837"]
[BlackElo "2809"]
[Annotator "TA"]
[PlyCount "109"]
[EventDate "2018.06.16"]
[EventType "tourn"]
[EventCountry "BEL"]
[SourceTitle "playchess.com"]
[Source "ChessBase"]
[SourceQuality "1"]

{[%evp 20,109,37,45,35,33,22,23,45,34,32,53,29,31,52,-30,-26,-36,-31,-34,0,0,0,-51,-33,-104,-100,-108,-99,-173,-173,-179,-171,-170,-170,-165,-159,-159,-159,-159,-165,-175,-180,-154,-145,-167,-137,-171,-95,-91,-87,-179,-107,-356,-30,-30,-30,-30,-30,-80,-30,-61,-61,-73,-73,-47,-47,-47,-47,-62,-62,-89,-89,-89,-89,-95,-61,-61,-61,-61,-61,-61,-61,-61,-61,-61,-61,-61,-61,-61,-8,-8]} 1. Nf3 Nf6 2. g3 d5 3. Bg2 Bf5 4. O-O e6 5. c4 c6 6. cxd5 cxd5 7. Qb3 Qb6 8. Qxb6 axb6 9. d3 Nc6 {[%cal Bb8c6,Bc6d4,Bd4b3][%mdl 32]} 10. Nc3 Bc5 {A11: English Opening: 1...c6} 11. Nh4 {LiveBook: 4 Games} Bg6 12. Nxg6 (12. Bd2 Ke7 13. Rfc1 Rhc8 14. Nxg6+ hxg6 15. h3 Ne8 16. Kf1 Nd6 17. Be1 Nf5 18. Rab1 {½-½ (36) Meier,G (2650)-Bu,X (2730) Riadh 2017}) 12... hxg6 {White is slightly better.} 13. a3 Kd7 14. Bd2 Nd4 $146 ({Predecessor:} 14... Ng4 15. h3 Nge5 16. Nb5 Nd4 17. Nxd4 Bxd4 18. Rab1 {½-½ (35) Chang,S (2006)-Goncalves,R Santos 2000}) 15. Rad1 Nb3 16. Bf4 Bd4 17. Nb5 (17. Na2 $14) 17... Rhc8 $11 18. Nxd4 Nxd4 19. Rfe1 Nc2 (19... Rc2 $5 {[%cal Rd4e2]} 20. Rd2 Rac8 $11) 20. Rf1 Nd4 21. Rfe1 Rc2 $36 {[%mdl 2048] Black has some pressure.} 22. Kf1 (22. e4 $15) 22... Nb3 $1 $17 23. e4 d4 $1 24. Bf3 (24. Re2 $17 Rxe2 25. Kxe2) 24... Rxb2 $19 25. Rb1 Rxb1 $1 26. Rxb1 Rxa3 27. Bd1 Nc5 28. Rxb6 Rxd3 29. Be2 Rb3 30. Rd6+ Ke8 {Threatens to win with ...d3.} 31. Rxd4 Nfxe4 32. Be3 b6 33. Kg2 Rb2 (33... Ke7 $19 34. Bd1 Rb2) 34. Bf3 $17 f5 35. h4 (35. Bxe4 $17 Nxe4 36. Ra4) 35... Ke7 (35... b5 $1 $19 36. Rd1 b4) 36. Rc4 $2 {[#]} (36. Bxe4 $17 {keeps fighting.} Nxe4 37. Ra4) 36... Nd2 $2 ({Black should play} 36... Nxf2 $1 $19 {[%mdl 512]} 37. Bg5+ (37. Bxf2 Nd3) 37... Kf7) 37. Bxc5+ $11 bxc5 38. Rxc5 {[%mdl 4096] Endgame KRB-KRN} Kf6 39. Bc6 Rb4 40. Rc2 Nc4 41. Bf3 g5 {...gxh4 is the strong threat.} 42. hxg5+ Kxg5 43. Be2 Nb6 44. Rc7 Kf6 45. Rb7 Nd5 46. Rxb4 Nxb4 $17 {KB-KN} 47. f4 e5 48. fxe5+ Kxe5 49. Kf3 g5 50. Bc4 Nd5 51. Bd3 Nf6 52. Bc2 Ne8 53. Bd3 Nd6 54. Bc2 Kd4 {[#]} (54... Nb5 $15 55. Ba4 Nd6) 55. Bxf5 $1 {[%mdl 512] Precision: White = 53%, Black = 60%.} 1/2-1/2

[Event "Your Next Move GCT 2018-Blitz"]
[Site "Leuven"]
[Date "2018.06.15"]
[Round "8"]
[White "Caruana, Fabiano"]
[Black "Karjakin, Sergey"]
[Result "0-1"]
[WhiteElo "2818"]
[BlackElo "2816"]
[Annotator "TA"]
[PlyCount "107"]
[EventDate "2018.06.16"]
[EventType "tourn"]
[EventCountry "BEL"]
[SourceTitle "playchess.com"]
[Source "ChessBase"]
[SourceQuality "1"]

{[%evp 21,107,8,5,7,10,3,10,8,16,0,24,16,27,0,0,4,0,-23,12,0,6,-29,25,24,98,76,96,89,114,-7,26,10,0,0,0,6,50,19,93,-13,0,-37,-20,-36,-27,-33,-41,-39,-21,-43,-33,-47,-6,-4,-13,-69,-12,-16,0,0,0,0,0,0,11,0,0,0,0,0,0,0,0,-218,-147,-12831,-12835,-6208,-6208,-6179,-6179,-5506,-5487,-5097,-5065,-29978,-29979,-29997]} 1. d4 Nf6 2. c4 e6 3. Nc3 Bb4 4. e3 O-O 5. Nge2 d5 6. a3 Be7 7. cxd5 exd5 8. Nf4 c6 9. Bd3 Na6 {E46: Nimzo-Indian: Rubinstein: 4 e3 0-0 5 Ne2 without early Bd3} 10. O-O Nc7 11. f3 Re8 {LiveBook: 3 Games. The position is equal.} 12. Bd2 (12. Bc2 c5 13. Kh1 Ne6 14. dxc5 Nxf4 15. exf4 Bxc5 16. b4 Bb6 17. Bb2 {0-1 (29) Mchedlishvili,M (2603)-Cheparinov,I (2710) Riadh 2017}) 12... Bf8 $146 ({Predecessor:} 12... c5 13. Be1 c4 14. Bc2 Bd6 15. Qd2 Bxf4 16. exf4 b5 17. f5 {1-0 (43) Mirkowski,P (2251)-Halme,O (2256) ICCF email 2014}) 13. Qe1 g6 14. g4 c5 {Strongly threatening ...cxd4.} 15. Qf2 b6 16. h4 Bd6 17. Nce2 a5 18. g5 $36 {[%mdl 2048] White is pushing.} Nd7 19. Bc3 Ba6 20. Bxa6 Rxa6 21. Rad1 Nf8 ({Black should play} 21... c4) 22. e4 cxd4 (22... Nfe6 $11 {remains equal.} 23. Nxd5 Nxd5 24. exd5 Nxg5) 23. Bxd4 $16 (23. Rxd4 $6 Bc5 $11) 23... Nfe6 24. Nxe6 $1 ({But not} 24. Nxd5 Nxd5 25. exd5 Nxd4 $14) 24... Nxe6 {[#]} 25. Bf6 ({Reject} 25. exd5 $6 Nxd4 26. Nxd4 Qd7 $11) (25. Be3 $1 $16) 25... Qa8 {aiming for ...Bc5.} 26. Kh1 Bc5 27. Qg2 dxe4 28. fxe4 Ra7 29. Nc3 Ng7 {[#]} (29... Qc6 $11) 30. Nd5 (30. Bxg7 $1 $16 Kxg7 31. Nd5) 30... Nh5 $11 {Hoping for ...Rxe4!} 31. e5 Rd7 32. Kh2 Qb8 33. Rfe1 Bf8 34. Qg4 Re6 35. Qf3 b5 36. Kg2 b4 37. axb4 axb4 38. Re4 (38. Re2 $11) 38... b3 ({Better is} 38... Rc6 $15 39. Rd2 b3) 39. Red4 Qa7 40. R1d2 h6 41. Qxb3 hxg5 42. hxg5 Bg7 43. Qf3 Bxf6 44. exf6 Re5 45. Ne7+ $1 Rdxe7 46. fxe7 Qxe7 47. Rd8+ $2 (47. Rg4 $11 {and White stays safe.}) 47... Kh7 48. R8d7 $2 {[%mdl 8192]} (48. R8d5 $17 Qxg5+ 49. Kf1 Ng3+ 50. Kf2 Ne4+ 51. Qxe4 Qxd2+ 52. Rxd2 Rxe4 53. Rd7) 48... Qxg5+ $19 49. Kh2 Qh4+ 50. Qh3 Qf4+ 51. Kg2 Rg5+ 52. Kh1 Kg7 {( -> ...Ng3+)} 53. Qc3+ Nf6 54. R7d3 {Precision: White = 38%, Black = 46%.} 0-1

[Event "Your Next Move GCT 2018-Blitz"]
[Site "Leuven"]
[Date "2018.06.15"]
[Round "8"]
[White "Giri, Anish"]
[Black "Anand, Viswanathan"]
[Result "1/2-1/2"]
[WhiteElo "2799"]
[BlackElo "2817"]
[Annotator "TA"]
[PlyCount "97"]
[EventDate "2018.06.16"]
[EventType "tourn"]
[EventCountry "BEL"]
[SourceTitle "playchess.com"]
[Source "ChessBase"]
[SourceQuality "1"]

{[%evp 26,97,7,0,26,23,37,44,66,50,65,64,56,57,52,53,45,40,40,39,39,33,32,29,32,37,43,43,45,45,45,30,74,62,77,73,71,70,86,69,58,77,80,80,80,80,80,80,83,66,85,83,125,118,128,0,8,0,0,0,0,0,0,0,0,0,0,0,0,0,0,0,0,0]} 1. e4 e5 2. Nf3 Nc6 3. Bb5 Nf6 4. O-O Nxe4 5. Re1 Nd6 6. Nxe5 Be7 7. Bf1 Nxe5 8. Rxe5 O-O 9. d4 {[%cal Bd2d4,Bd4d5][%mdl 32]} Bf6 10. Re1 Re8 {C67: Ruy Lopez: Berlin Defence: 4 0-0 Nxe4} (10... Nf5 11. d5 Re8 12. Rxe8+ Qxe8 13. Qd3 d6 14. Nd2 Bg5 15. Nf3 Bxc1 16. Rxc1 Bd7 17. Re1 Qd8 18. Qc4 {1-0 (31) Carlsen,M (2843)-Aronian,L (2764) Stavanger 2018}) 11. Rxe8+ Nxe8 12. d5 d6 13. Nd2 {[%cal Bb1d2,Bd2c4,Bc4e3][%mdl 32]} Bf5 14. Nc4 {[#] LiveBook: 3 Games} c6 $146 ({Predecessor:} 14... Qd7 15. c3 c6 16. Bf4 cxd5 17. Qxd5 Be6 18. Qd2 {½-½ (43) Najer,E (2633)-Akopian,V (2682) Yerevan 2014}) 15. c3 Rc8 16. Bf4 cxd5 17. Ne3 ({Don't blunder} 17. Qxd5 $2 Be6 $19) 17... Be6 18. Nxd5 Be5 {And now ...Bxd5 would win.} 19. Be3 Nf6 20. Nxf6+ Bxf6 21. a4 ({Avoid the trap} 21. Bxa7 $2 b6 $19) 21... b6 22. Ba6 Rb8 23. Qd3 Qc7 24. Re1 Be5 25. g3 g6 26. Bh6 Bg7 27. Bxg7 Kxg7 28. h4 Qc5 29. b4 Qc6 30. Bb5 Qc7 31. Qd4+ Kg8 32. h5 gxh5 33. Qf6 $36 {[%mdl 2048] Black is under strong pressure.} Qd8 34. Qh6 {Black must now prevent Bd3.} Qf8 35. Qxh5 Qg7 36. Qf3 Rc8 37. Re3 d5 {[#]} 38. Ba6 $1 {[%cal Ra6c8]} Rd8 {[#]} 39. Qf4 $1 h6 40. Qc7 (40. Re5 $16) 40... Qg5 $11 {The position is equal.} 41. Bf1 d4 $1 {[%cal Rd4e3]} 42. cxd4 Rxd4 43. Qb8+ (43. Rd3 {is interesting.} Rxd3 44. Bxd3 Bd5 45. Kf1 Qf6 46. Qc8+) 43... Qd8 44. Qxd8+ Rxd8 45. Rd3 Rxd3 46. Bxd3 a5 47. bxa5 bxa5 48. f4 Kf8 49. Kf2 {Precision: White = 82%, Black = 62%.} 1/2-1/2

[Event "Your Next Move GCT 2018-Blitz"]
[Site "Leuven"]
[Date "2018.06.15"]
[Round "8"]
[White "Mamedyarov, Shakhriyar"]
[Black "So, Wesley"]
[Result "1-0"]
[WhiteElo "2757"]
[BlackElo "2856"]
[Annotator "TA"]
[PlyCount "97"]
[EventDate "2018.06.16"]
[EventType "tourn"]
[EventCountry "BEL"]
[SourceTitle "playchess.com"]
[Source "ChessBase"]
[SourceQuality "1"]

{[%evp 9,97,-11,-6,-16,10,-18,-20,-19,1,-34,-34,-22,0,-10,0,0,0,0,26,12,15,-11,-4,-12,-12,-15,-16,-28,0,-29,-34,-26,85,68,75,70,84,86,272,272,279,280,273,268,257,271,262,262,283,291,321,285,293,219,244,246,237,224,235,206,288,277,331,339,394,381,550,553,582,456,629,531,713,705,694,464,460,458,458,450,529,541,701,713,691,682,666,637,883,830]} 1. d4 Nf6 2. Nf3 d5 3. Nbd2 Bf5 4. c4 c6 5. Qb3 Qb6 6. Nh4 {D11: Slav Defence: 3 Nf3 sidelines and 3...Nf6 4 e3 Bg4} Be4 7. e3 e6 8. Be2 {The position is equal.} Be7 $146 ({Predecessor:} 8... h6 9. Nxe4 dxe4 10. g3 c5 11. Bd2 Nc6 12. Bc3 cxd4 13. exd4 {½-½ (64) Carlsen,M (2881)-Fressinet,L (2717) Dubai 2014}) 9. Nxe4 dxe4 10. g3 c5 11. Bd2 cxd4 12. exd4 Nc6 13. Bc3 O-O-O 14. O-O-O Bb4 15. Ng2 {[%cal Bh4g2,Bg2e3,Be3f5][%mdl 32]} Bxc3 16. bxc3 e5 17. d5 Nb8 {[%cal Bc6b8,Bb8d7,Bd7c5][%mdl 32]} 18. Ne3 Nbd7 19. Kc2 Nc5 20. Qa3 {aiming for Rb1.} Nfd7 (20... Kb8 $11 {remains equal.}) 21. Rb1 $36 {[%mdl 2048] White has the initiative.} Qa6 $1 {[%cal Ra6a3]} 22. Qxa6 Nxa6 {[#]} 23. Nf5 $1 {[%cal Rf5d6] Hoping for Nd6+.} Nac5 $2 (23... Rdf8 $16) 24. Nd6+ $18 ({Don't play} 24. Nxg7 $6 Kc7 $16) 24... Kc7 25. Nxf7 Rhf8 26. Nxd8 Kxd8 27. Rhf1 Rf6 28. f4 exf3 29. Rxf3 Ra6 30. Kb2 Nf6 31. Bd1 e4 32. Rf5 g6 33. Rf1 Ke7 34. Bc2 Ng4 35. Rbe1 Ne5 36. Bxe4 Nxc4+ 37. Kc1 Ne5 {[#]} (37... Kd8 {was worth a try.} 38. Rf8+ Ke7) 38. Bxg6 $1 {White is clearly winning.} Rxa2 (38... Rxg6 39. Rxe5+) 39. Bc2 Kd6 {intending ...Ra1+.} 40. Kb1 Ra3 41. Rf6+ Kxd5 42. Rf5 Ncd7 43. Kb2 Ra5 44. Rh5 Kd6 {...Nc4+ is the strong threat.} 45. Rd1+ Kc6 46. Be4+ Kb6 47. Rh6+ Kc7 48. Rxh7 Kb6 49. Rhxd7 {Precision: White = 66%, Black = 33%.} 1-0

[Event "Your Next Move GCT 2018-Blitz"]
[Site "Leuven"]
[Date "2018.06.15"]
[Round "9"]
[White "So, Wesley"]
[Black "Nakamura, Hikaru"]
[Result "0-1"]
[WhiteElo "2856"]
[BlackElo "2878"]
[Annotator "TA"]
[PlyCount "170"]
[EventDate "2018.06.16"]
[EventType "tourn"]
[EventCountry "BEL"]
[SourceTitle "playchess.com"]
[Source "ChessBase"]
[SourceQuality "1"]

{[%evp 26,170,12,10,13,14,31,26,30,25,25,21,8,0,30,-168,2,0,0,0,0,0,0,-7,0,0,0,-8,0,-7,-7,0,0,-7,0,0,0,0,0,-19,-22,-54,-54,-80,-58,-55,-18,-108,0,-2,0,-16,0,-8,-8,-226,-165,-176,-168,-160,-160,-154,-202,-233,-70,-70,-70,-70,-70,-70,-70,-70,66,-41,-41,-41,-41,-41,-41,-41,-41,-37,-8,-8,-8,-8,-8,-34,-34,-34,-31,-50,-49,-64,-64,-64,-64,-63,-48,-51,-20,-70,-70,-70,-70,-70,-70,-70,-70,-67,-63,-63,-63,-63,-63,-63,-63,-63,-63,-63,-58,-60,-56,-53,-46,-70,-70,-70,-70,-70,-70,-70,-70,-70,-70,-70,-70,-70,-67,-70,-70,-70,-70,-70,-70,-29989,-29990]} 1. d4 Nf6 2. c4 e6 3. Nf3 d5 4. Nc3 Be7 5. Bg5 h6 6. Bh4 O-O 7. e3 Ne4 8. Bxe7 Qxe7 9. Rc1 c6 10. Qc2 {D56: Queen's Gambit Declined: Lasker Defence} (10. g4 Rd8 11. Qc2 Nd7 12. Nxe4 dxe4 13. Qxe4 Qb4+ 14. Ke2 e5 15. Qc2 exd4 16. Nxd4 Ne5 17. h3 c5 {½-½ (47) So,W (2778)-Nakamura,H (2769) Stavanger 2018}) 10... Nd7 11. Be2 Nxc3 12. Qxc3 dxc4 13. Qxc4 e5 14. O-O {LiveBook: 16 Games} Re8 {[#]} 15. a3 $146 ({Predecessor:} 15. Rfe1 Nb6 16. Qc5 exd4 17. Qxe7 Rxe7 18. Nxd4 {½-½ (40) Khalifman,A (2617)-Malakhov,I (2456) St Petersburg 2016}) 15... exd4 16. Nxd4 Nf6 17. Rfd1 Ne4 18. Bf3 Ng5 19. Be2 Ne4 20. h3 $2 (20. f3 $11 {and White has nothing to worry.} Nd6 21. Qc3) 20... c5 $2 (20... Qh4 $1 $19 {[%cal Rh4f2]} 21. Rf1 Nd2) 21. Nf3 $11 b6 22. b4 Bb7 23. bxc5 Rac8 {White should prevent ...Nxf2!} 24. Qd4 Nxc5 25. Qb4 Qf6 26. Nd4 Qg6 {[%csl Gb7][%cal Rg6g2]} 27. Bf3 Bxf3 28. Nxf3 Rcd8 29. Qg4 Qxg4 30. hxg4 Rxd1+ 31. Rxd1 {[%mdl 4096] Endgame KRN-KRN} Re4 32. g5 Ra4 33. Rd8+ Kh7 34. Ne5 hxg5 {Threatens to win with ...f6.} 35. Nxf7 Rxa3 36. Rd6 (36. Nxg5+ $11 {keeps the balance.} Kg6 37. Nf3) 36... Kg8 (36... Ne4 $17 37. Re6 Kg8) 37. Nxg5 {[%cal Rd6d8]} Kf8 38. e4 Ke7 39. Rg6 b5 {[%cal Bb6b5,Bb5b4,Bb4b3][%mdl 32] With the idea ...b4.} 40. e5 $2 {[#]} (40. Rxg7+ $11 {and White stays safe.} Kf6 41. Rc7) 40... b4 $1 $19 41. Rxg7+ Ke8 42. Rg8+ Kd7 {[%mdl 1024] Black has strong compensation.} 43. Rb8 {[#]} b3 $1 {aiming for ...Kc7.} 44. Kh2 Ra6 $2 ({Better is} 44... Kc7 $19 45. Rb5 Kc6) 45. Nf3 $1 $15 Rh6+ 46. Kg3 a5 $1 {[%cal Ba7a5,Ba5a4][%mdl 32] ...a4 is the strong threat.} 47. Nd4 a4 {White must now prevent ...Ra6.} 48. Rb5 $1 {[%cal Rb5c5]} Nd3 ({Black should play} 48... Rc6 $15 49. f4 a3 50. Nxb3 Nxb3 51. Rxb3 a2 52. Rd3+ Ke6) 49. e6+ (49. Nxb3 $1 $14 axb3 50. Rd5+ Ke7 51. Rxd3) 49... Rxe6 {[#]} 50. Nxb3 $1 {[%mdl 512]} Rg6+ (50... axb3 51. Rxb3) 51. Kf3 axb3 52. Rxb3 {KRN-KR} Ne1+ 53. Ke4 Nxg2 54. Rg3 Re6+ 55. Kf5 Nh4+ 56. Kg4 Ng6 57. Rd3+ Kc6 58. f4 Re1 59. Kf5 Ne7+ 60. Kf6 Nd5+ 61. Kf5 Kd6 62. Ra3 Ne7+ 63. Kg4 Rg1+ 64. Kf3 Ke6 65. Ra6+ Kf7 66. Ra5 Rb1 67. Kg4 Rb6 68. Rh5 Ng8 {Hoping for ...Nf6+.} 69. Ra5 Nf6+ 70. Kf5 Rb7 71. Kg5 Kg7 72. Re5 Rf7 73. Ra5 Ne4+ 74. Kg4 Kg6 75. Ra6+ Nf6+ 76. Kf3 Rb7 77. Ra3 Rb5 78. Re3 Rb1 79. Re2 Rf1+ 80. Rf2 Ra1 81. Rg2+ Kf7 82. Rb2 Ra3+ 83. Kg2 Nd5 84. f5 Ne3+ 85. Kf2 $2 {[%mdl 8192]} (85. Kf3 $15) 85... Nd1+ {Precision: White = 50%, Black = 65%.} 0-1

[Event "Your Next Move GCT 2018-Blitz"]
[Site "Leuven"]
[Date "2018.06.15"]
[Round "9"]
[White "Grischuk, Alexander"]
[Black "Giri, Anish"]
[Result "1/2-1/2"]
[WhiteElo "2831"]
[BlackElo "2799"]
[Annotator "TA"]
[PlyCount "118"]
[EventDate "2018.06.16"]
[EventType "tourn"]
[EventCountry "BEL"]
[SourceTitle "playchess.com"]
[Source "ChessBase"]
[SourceQuality "1"]

{[%evp 11,118,15,22,8,22,0,14,4,25,5,44,47,58,45,58,44,57,47,56,69,87,89,98,88,90,68,132,122,125,122,134,127,177,156,156,103,106,108,142,89,154,152,166,105,110,101,123,125,110,126,125,125,142,99,77,97,139,91,97,96,93,90,89,0,0,0,0,0,0,0,0,0,0,0,0,0,0,0,0,0,0,0,0,0,0,0,0,0,0,0,0,0,0,0,0,0,0,0,0,0,0,0,0,0,0,0,0,0,0]} 1. e4 e5 2. Nf3 Nf6 3. Nxe5 d6 4. Nf3 Nxe4 5. Bd3 Nf6 6. O-O {C42: Petroff Defence: 3 Nxe5 and unusual White 3rd moves} Be7 {LiveBook: 91 Games} 7. Re1 (7. c3 O-O 8. Bc2 Bg4 9. h3 Bh5 10. d4 c6 11. Re1 Na6 12. Nbd2 Qd7 13. Nf1 Rae8 {½-½ (39) Mamedov,R (2704)-Giri,A (2777) Shamkir 2018}) 7... O-O 8. Bf1 Re8 $146 ({Predecessor:} 8... Bg4 9. d4 Nc6 10. c3 d5 11. Bf4 Ne4 12. c4 Bh4 13. Be3 Qf6 {1-0 (53) Aketayeva,D (2078)-Khachatorian,Y (2050) Teheran 2001}) 9. d4 Nbd7 10. c4 Nf8 11. Nc3 Ng6 12. h3 $36 {[%mdl 2048] White has the initiative.} c6 13. d5 cxd5 14. Nxd5 Nxd5 15. Qxd5 Bf6 16. Bg5 Be6 17. Bxf6 Qxf6 18. Qxb7 Nf4 (18... Reb8 $1 $14 19. Qe4 Bf5) 19. Rad1 $16 Rab8 20. Qc6 Rec8 21. Qxd6 Rxb2 22. Re4 Ng6 ({Don't blunder} 22... Nxh3+ $2 23. gxh3 h6 24. Qg3 $18) 23. Qa3 (23. c5 $142) 23... h6 24. Red4 Rcb8 25. h4 (25. Qxa7 $142 Bxh3 26. Qc7) 25... Nf4 (25... Ne5 $142) 26. Qe3 Ng6 {[#]} 27. h5 (27. c5 $1 $18) 27... Nf8 28. Qa3 Bf5 29. Rd8 Rxd8 30. Rxd8 Qxd8 31. Qxb2 Bg4 32. Qd4 Qxd4 33. Nxd4 {[%mdl 4096] Endgame KBN-KBN} Nd7 34. Be2 Bxe2 35. Nxe2 {KN-KN} Kf8 36. f3 Ke7 {[#]} 37. Nc3 (37. Nd4 $1 $16) 37... Ne5 $1 $11 {The position is equal.} 38. c5 Kd7 39. Nb5 a6 40. Nd4 g6 $1 41. hxg6 fxg6 42. Kf1 Nd3 43. c6+ Kc7 44. g3 Nb4 45. a3 Nxc6 46. Nb3 Kd6 47. Ke2 Kd5 48. Nd2 g5 49. f4 gxf4 50. gxf4 h5 51. Ke3 Ne7 52. Ne4 h4 53. Kf3 Nf5 54. Nf2 Kc4 55. Kg4 Nd4 56. Kxh4 Kb3 57. Ne4 Kxa3 58. Nc5 a5 59. Nb7 Kb4 {Precision: White = 82%, Black = 55%.} 1/2-1/2

[Event "Your Next Move GCT 2018-Blitz"]
[Site "Leuven"]
[Date "2018.06.15"]
[Round "9"]
[White "Anand, Viswanathan"]
[Black "Vachier-Lagrave, Maxime"]
[Result "1-0"]
[WhiteElo "2817"]
[BlackElo "2837"]
[Annotator "TA"]
[PlyCount "125"]
[EventDate "2018.06.16"]
[EventType "tourn"]
[EventCountry "BEL"]
[SourceTitle "playchess.com"]
[Source "ChessBase"]
[SourceQuality "1"]

{[%evp 25,125,16,18,21,20,2,3,6,32,10,49,19,82,79,82,65,68,81,79,56,100,73,94,89,91,89,95,97,100,96,118,103,97,101,95,96,114,121,127,111,111,105,111,51,176,173,165,158,149,165,151,135,173,173,186,120,167,125,242,187,282,271,255,213,206,208,185,192,248,253,178,90,123,110,360,377,816,729,893,894,883,872,1149,1137,1138,1075,993,943,2025,1981,2022,962,3118,2608,29972,29973,29972,29972,29972,29957,29967,29968]} 1. e4 c5 2. Nc3 d6 3. g3 g6 4. Bg2 Bg7 5. f4 Nc6 6. Nf3 e6 7. O-O Nge7 {[%cal Bg8e7,Be7c6,Bc6d4][%mdl 32]} 8. d3 Rb8 9. Be3 Nd4 10. Bf2 Nec6 11. Nxd4 Nxd4 12. Qd2 O-O 13. Nd1 {B25: Sizilianisch (Geschlossenes System)} b6 {LiveBook: 4 Partien} 14. c3 Nc6 15. d4 {Die Stellung ist ausgeglichen.} (15. Ne3 Ba6 16. g4 b5 17. a3 Na5 18. Qc2 Bb7 19. b4 Nc6 20. Rab1 Ba8 {0-1 (47) Roos,D (2389)-Edouard,R (2602) Mulhouse 2011}) 15... cxd4 16. cxd4 Bb7 17. Nc3 $146 ({Vorgänger:} 17. Rc1 Ne7 18. Ne3 Qd7 19. Rfd1 Rbc8 20. b3 d5 {½-½ (33) Marholev,D (2313)-Moroni,L (2114) Milan 2012}) 17... Rc8 18. Rac1 Re8 (18... Ba6 $11 {hält das Gleichgewicht.}) 19. d5 $16 exd5 20. Nxd5 Ne7 21. Rxc8 Bxc8 22. Nc3 Be6 23. Rd1 Bg4 24. Rc1 {[%cal Bd1c1,Bc1c2,Bc2d2][%mdl 32]} Qd7 25. Bd4 Bxd4+ 26. Qxd4 Rc8 27. Rc2 Nc6 28. Qf6 Be6 29. Rd2 Qd8 30. e5 Qxf6 31. exf6 Na5 32. Bd5 Bxd5 33. Nxd5 {[%mdl 4096] Endspiel KTS-KTS} Kf8 34. b3 (34. Kf2 $16) 34... Nb7 (34... Ke8 $14) 35. Re2 $1 $18 Re8 36. Rc2 Nc5 37. b4 Ne6 38. Rc3 Rd8 39. Ra3 Rd7 {[#]} 40. Kf2 ({Günstiger ist} 40. g4 $1 $18) 40... Ke8 41. Ke3 Kd8 (41... h5 $16) 42. Ke4 Kc8 {[#]} (42... h5 {war nötig.} 43. Nc3 Kc8) 43. g4 $1 Kb7 44. Rh3 Nf8 45. f5 Rd8 46. Rc3 gxf5+ (46... Nd7 $142 47. Rh3 Re8+ 48. Kf4 gxf5) 47. Kxf5 {Und weiter mit Tc7+ wäre nett.} ({Schwächer ist} 47. gxf5 Nd7 $11) 47... Ne6 48. Rh3 (48. Re3 $18) 48... Rg8 {...Tg5+ ist eine echte Drohung.} 49. Rh5 Rg6 $2 (49... Nd4+ $16 {war einen Versuch wert.} 50. Kf4 Ne6+ 51. Kf3 Rc8) 50. g5 Kc6 $2 (50... Rg8 51. Nf4 Nf8) 51. Ne7+ Kd7 52. h4 Nf8 53. Kg4 Ke6 54. Nxg6 fxg6 {KT-KS} 55. Rh6 d5 56. h5 d4 57. hxg6 hxg6 58. Kf3 (58. Rh8 $142 Kf7 59. Rh3) 58... Kf7 59. Ke4 a5 60. bxa5 {Weiß setzt Matt.} bxa5 61. Rh3 Ne6 62. Rg3 a4 63. Ke5 {Precision: Weiß = 73%, Schwarz = 30%.} 1-0